| 000 | 00422cam a2200169ua 4500 | ||
|---|---|---|---|
| 041 |
_aeng _h |
||
| 082 |
_a421.52 _bJON/PR |
||
| 100 | _aJones, Daniel . | ||
| 245 |
_aPronunciation of English / _cDaniel johns. _hTextual Documents |
||
| 250 |
_a4 / _b. |
||
| 260 |
_aCambridge : _bCambridge University Press , _c1966. |
||
| 300 | _a223 ; . | ||
| 504 | _a | ||
| 942 | _cBK | ||
| 999 |
_c3512 _d3512 |
||